Las guerras de este mundo : sociedad, poder y ficción en la obra de Mario Vargas Llosa /

-д хадгалсан:
Номзүйн дэлгэрэнгүй
Байгууллагын зохиогч: Congreso Las guerras de este mundo: sociedad y poder en la obra de Mario Vargas Llosa ( Pontificia Universidad Católica del Perú)
Формат: Бага хурлын үйл явц Ном
Хэл сонгох:испани
Хэвлэсэн: Lima, Perú : Planeta : Pontificia Universidad Católica del Perú, 2008, c2008
Нөхцлүүд:
Шошгууд: Шошго нэмэх
Шошго байхгүй, Энэхүү баримтыг шошголох эхний хүн болох!

MARC

LEADER 00000nam^a2200000^a^4500
001 000297100
005 20250521000000.0
009 20260310112327.936
020 |a 978-9972-239-52-6 
037 |a Acervo ITESO - Biblioteca 
041 |a ESP 
082 |a 860. 985063  |b GUE 2001 
111 |a Congreso Las guerras de este mundo: sociedad y poder en la obra de Mario Vargas Llosa (  |d 2001 :  |c Pontificia Universidad Católica del Perú) 
245 1 4 |a Las guerras de este mundo :  |b sociedad, poder y ficción en la obra de Mario Vargas Llosa /  |c Presen. de Edgar Saba. 
264 4 |a Lima, Perú :  |b Planeta :  |b Pontificia Universidad Católica del Perú,  |c 2008, c2008 
300 |a 251 p. 
336 |a texto  |b txt  |2 rdacontenido 
337 |a sin mediación  |b n  |2 rdamedio 
338 |a volumen  |b nc  |2 rdasoporte 
545 0 |a Mario Vargas Llosa (Arquipa, 1936), es sin duda el escritor peruano más reconocido y uno de los protagonistas de la literatura mundial contemporánea, como lo evidencian el Premio Nobel (2010) y antes el Premio Príncipe de Asturias de las Letras (1986) y el Premio Cervantes (1994), además de su pertenencia a la Real Academia Española desde 1995. Autor de una obra muy extensa, Vargas Llosa es el gran biógrafo del Perú del último siglo, a través de una narrativa realista que conjuga recursos literarios diversos y focos narrativos múltiples. Afirma que una imagen recuperada por la memoria es, a menudo, el inicio de todas sus historias, aunque la naturaleza autobiográfica de tal punto de partida sea re-creada por la ficción y convertida en un relato nuevo y con carta de naturaleza propia. Conversación en la Catedral, La ciudad y los perros, La casa verde, Los cachorros, Los jefes, Pantaleón y las visitadoras, La tía Julia y el escribidor, La señorita de Tacna, La guerra del fin del mundo, La historia de Mayta, ¿Quién mató a Palomino Molero?, Elogio de la madrastra, Los cuadernos de don Rigoberto, La fiesta del chivo y El sueño del celta, son algunos de sus títulos. Además de los reconocimientos ya mencionados, también es Premio Biblioteca Breve (1963), Premio de la Crítica Española (1963 y 1966) y Premio Internacional Rómulo Gallegos (1967), por citar unos pocos de los múltiples homenajes de que ha sido objeto. 
649 |a XX 
650 |a Escritores Peruanos 
650 |a Literatura Peruana -  |y Siglo XX 
650 |a Literatura Peruana -  |y Siglo XXI 
650 |a Literatura Peruana -  |x Historia y Crítica 
650 |a Vargas Llosa, Mario -  |x Tema Principal 
910 |a Fondo General 
920 |a Impresos - Libros 
930 |a Colección General 
940 |a Literatura 
905 |a 101 
901 |a 0500183000  |b IT1  |c LIT  |i C121286  |u 20250521 
902 |a https://opac.biblio.iteso.mx/vufind/Record/000297100